| 000 | 01331nam0a2200289 i 4500 | ||
|---|---|---|---|
| 001 | RU\NLR\BIBL_A\011313811 | ||
| 005 | 20240921205004.0 | ||
| 010 |
_a9785911272050 _9100 |
||
| 021 |
_aRU _b2016-99898 _96648 |
||
| 035 | _a(NLR Aleph) 011313811 | ||
| 090 |
_a11035789 _c11035789 |
||
| 100 | _a20170123d2016 k y0rusy50 ca | ||
| 101 | 0 | _arus | |
| 102 | _aRU | ||
| 105 | _aa|||z|||000zy | ||
| 200 | 1 |
_aАПК ЧР: от разрухи - к возрождению. Проблемы развития фермерских хозяйств в Чеченской республике _eмонография _fА.И. Авторханов |
|
| 210 |
_aГрозный _cИзд-во Чеченского государственного университета _d2016 |
||
| 215 |
_a167 с. _cил. _d21 |
||
| 320 | _aБиблиогр. в конце разд. | ||
| 517 | 1 | _aПроблемы развития фермерских хозяйств в Чеченской республике | |
| 606 | 1 |
_aАгропромышленные комплексы _yЧеченская Республика _92624198 _3RU\NLR\AUTH\661560758 |
|
| 686 | 1 | _aУ32(2)-434(2Р-6Че) | |
| 700 | 1 |
_aАвторханов _bА. И. _gАбу Исалаевич |
|
| 942 | _cBOOK | ||
| 980 | _aNBR | ||